000 00421nam a2200157 i 4500
001 88484
003 ES-MaACL
005 20230906175853.0
007 t|
008 050104s1922 fr ||||1| fre d
100 1 _aLalo, Charles.
_969735
245 1 3 _aLa beauté et l'instint sexuel /
_cCharles Lalo.
260 _aParís :
_bFlammarion,
_c1922 (
_fE. Grevin)
300 _a188 p. ;
_c19 cm.
852 _aES-MaACL
_jF-6919
999 _c88484
_d88484